000 01410cad a22002055a 4500
001 E154051
008 111010s2011 xxk f s000 0 eng d
035 _a(Sirsi) u154051
041 0 _aeng
110 2 _aScotland
_bScottish Government
_95344
245 0 0 _aConsultation on Climate Change (Scotland) Act 2009
_bsection 63 regulations and guidance for non domestic buildings
_h[electronic resource]
260 _aEdinburgh
_bScottish Government
_c2011
520 _aThe Climate Change (Scotland) Act 2009 S63 includes a requirement for Scottish Ministers to provide a method of assessment of the energy performance of non-domestic buildings and greenhouse gases emissions, and for owners to improve energy efficiency. This consultation seeks views on a proposal for an Assessment of Carbon and Energy Performance (ACEP) for eligible exisiting non-domestic buildings. The ACEP would be made up of: an Energy Performance Certificate (EPC); a Recommendations Report; and an Action Plan. Deadline for comments is 20 January 2012.
590 _aKA
650 2 4 _aCLIMATE CHANGE (SCOTLAND) ACT 2009 S63
651 4 _aScotland
_y1999-
690 _aENVIRONMENTAL AND LAND CONSULTANCY-ENERGY-ENERGY USE-ENERGY EFFICIENCY
856 4 0 _uhttps://www.scotland.gov.uk/Topics/Built-Environment/Building/Building-standards/publications/pubconsult
_zView the consultation free of charge at www.scotland.gov.uk
942 _n0
999 _c112822
_d112822